000
00325nam a22001217a 4500
040
_c
SK
082
_a
631
100
_a
ត្រាន់ ថាន់កាញ់
245
_a
Pedologie generale; ធរណិវិទ្យាទូទៅ
260
_a
Phnom Penh
_b
ត្រាន់
_c
1992
300
_a
145p.
942
_c
KB
999
_c
9537
_d
9537